000 00968nam a22002295i 4500
001 154411
003 ES-MaACL
005 20250828114619.0
008 990722s1880 sp |||| | spa d
040 _aCCPB | B
_bspa
_cCCPB | B
100 1 _aGómez de Arteche, José.
_957884
245 1 0 _aFernando VII en Valençay
_b: tentativas encaminadas á procurar su libertad /
_cpor José Gómez de Arteche.
260 _aMadrid :
_b[s.n.],
_c1880 (
_fImprenta de Manuel G. Hernández)
300 _a61 p. ;
_c23 cm.
600 0 4 _aFernando
_bVII,
_cRey de España
_950206
651 4 _aEspaña-
_xHistoria-
_y1808-1814, Guerra de la Independencia
_98244
852 _aES-MaACL
_jFol-Laf-338
_z-- Rúst.
_cDEPOF
852 _aES-MaACL
_jZ-3-F-24
_z-- Rúst.
_cDEPOZ
856 _uhttps://bvpb.mcu.es/es/consulta/registro.do?id=398556
_7Versión digital en línea
_z(Biblioteca Virtual del Patrimonio Bibliográfico)
942 _2udc
999 _c154411
_d154411